[Event "World Junior Championship"]
[Site "Chotowa POL"]
[Date "2010.08.10"]
[EventDate "2010.08.03"]
[Round "7"]
[Result "1-0"]
[White "Dmitry Andreikin"]
[Black "Dariusz Swiercz"]
[WhiteElo "2650"]
[BlackElo "2492"]
[PlyCount "81"]

1. c4 g6 2. Nc3 c5 3. g3 Nc6 4. Bg2 Bg7 5. Nf3 d6 6. O-O Nf6
7. d4 cxd4 8. Nxd4 Bd7 9. Nc2 O-O 10. b3 a6 11. Bb2 Rb8
12. Nd5 Nxd5 13. Bxg7 Ne3 14. Nxe3 Kxg7 15. Rc1 b6 16. Qd2 Qc8
17. Rfd1 Re8 18. Nd5 Bh3 19. Bh1 Ne5 20. Qd4 f6 21. Nxb6 Qg4
22. Qe3 g5 23. Nd5 Qh5 24. f3 Rbc8 25. Qa7 Qf7 26. Bg2 Bxg2
27. Kxg2 h5 28. h3 h4 29. gxh4 Rc5 30. hxg5 Qe6 31. Kf2 fxg5
32. b4 Rxd5 33. cxd5 Qxh3 34. Qd4 Qh2+ 35. Ke3 Rf8 36. Rh1 Qg2
37. Rcg1 Rxf3+ 38. exf3 Qxf3+ 39. Kd2 Kg6 40. Rf1 Qg2+ 41. Kc3
1-0

[Event "World Junior Championship"]
[Site "Chotowa POL"]
[Date "2010.08.11"]
[EventDate "2010.08.03"]
[Round "8"]
[Result "1/2-1/2"]
[White "Sanan Sjugirov"]
[Black "Dmitry Andreikin"]
[WhiteElo "2610"]
[BlackElo "2650"]
[PlyCount "49"]

1. e4 c5 2. Nf3 e6 3. d4 cxd4 4. Nxd4 a6 5. Bd3 Bc5 6. Nb3 Ba7
7. c4 Nc6 8. Nc3 d6 9. O-O Nf6 10. Qe2 e5 11. Be3 Be6 12. Bxa7
Rxa7 13. Qe3 b6 14. Rfd1 Nd7 15. Rab1 Nc5 16. Nd2 a5 17. b3
O-O 18. Nb5 Rd7 19. a3 Qh4 20. Bc2 Ra8 21. Nf1 Qd8 22. Qc3 Na6
23. Ng3 Nc7 24. Nxc7 Qxc7 25. Ne2 1/2-1/2

[Event "World Junior Championship"]
[Site "Chotowa POL"]
[Date "2010.08.13"]
[EventDate "2010.08.03"]
[Round "10"]
[Result "1/2-1/2"]
[White "Emilio Cordova"]
[Black "Dmitry Andreikin"]
[WhiteElo "2560"]
[BlackElo "2650"]
[PlyCount "24"]

1. d4 e6 2. Nf3 Nf6 3. c4 b6 4. g3 Bb7 5. Bg2 Bb4+ 6. Bd2
Bxd2+ 7. Qxd2 d6 8. O-O O-O 9. Nc3 Ne4 10. Nxe4 Bxe4 11. Ne1
Bxg2 12. Nxg2 Nd7 1/2-1/2

[Event "World Junior Championship"]
[Site "Chotowa POL"]
[Date "2010.08.14"]
[EventDate "2010.08.03"]
[Round "11"]
[Result "1-0"]
[White "Dmitry Andreikin"]
[Black "Kirill Stupak"]
[WhiteElo "2650"]
[BlackElo "2504"]
[PlyCount "47"]

1. d4 e6 2. c4 Bb4+ 3. Bd2 Bxd2+ 4. Qxd2 Nf6 5. Nc3 d5 6. Nf3
c6 7. e3 Nbd7 8. Bd3 dxc4 9. Bxc4 Qe7 10. e4 e5 11. d5 cxd5
12. exd5 Qc5 13. Bb3 O-O 14. O-O Qd6 15. Rfe1 a6 16. Qe3 Re8
17. Nd2 b5 18. Nce4 Qb8 19. d6 Bb7 20. Rac1 Bxe4 21. Nxe4 Nxe4
22. Qxe4 Qxd6 23. Red1 Nf6 24. Bxf7+ 1-0

[Event "World Junior Championship"]
[Site "Chotowa POL"]
[Date "2010.08.16"]
[EventDate "2010.08.03"]
[Round "13"]
[Result "1/2-1/2"]
[White "Jon Ludvig Hammer"]
[Black "Dmitry Andreikin"]
[WhiteElo "2636"]
[BlackElo "2650"]
[PlyCount "48"]

1. e4 c5 2. Nf3 e6 3. d4 cxd4 4. Nxd4 a6 5. Bd3 Bc5 6. Nb3 Ba7
7. Qe2 Nc6 8. Be3 Nge7 9. Bxa7 Rxa7 10. c4 O-O 11. Nc3 e5
12. O-O d6 13. Rfd1 Be6 14. Qe3 b6 15. Rd2 Qb8 16. Rad1 Rd8
17. Bf1 Rb7 18. Nd5 h6 19. Qg3 Kh8 20. Qf3 b5 21. c5 Rbd7
22. Nb6 Rb7 23. Nd5 Rbd7 24. Nb6 Rb7 1/2-1/2

[Event "Chigorin Mem Classic Open"]
[Site "St Petersburg RUS"]
[Date "2010.10.28"]
[EventDate "2010.10.28"]
[Round "1"]
[Result "1/2-1/2"]
[White "Daria Charochkina"]
[Black "Dmitry Andreikin"]
[WhiteElo "2303"]
[BlackElo "2669"]
[PlyCount "143"]

1. d4 g6 2. c4 Bg7 3. Nc3 d6 4. e4 c5 5. d5 Nf6 6. f4 O-O
7. Nf3 e6 8. Be2 exd5 9. cxd5 Bg4 10. O-O Nbd7 11. h3 Bxf3
12. Bxf3 Qa5 13. Be3 Rfe8 14. g4 Nb6 15. Qb3 Qb4 16. Qxb4 cxb4
17. Nb5 Nc4 18. Bd4 Nd2 19. Nxd6 Nfxe4 20. Bxg7 Nxd6 21. Be5
N6c4 22. Rf2 Nxf3+ 23. Rxf3 Rad8 24. Rd1 Nxe5 25. fxe5 Rxe5
26. d6 Rd7 27. Rf4 a5 28. Kf2 Kg7 29. Kf3 Re6 30. Rfd4 b6
31. Rd5 f6 32. h4 h6 33. R1d2 Kf7 34. Kf4 g5+ 35. hxg5 hxg5+
36. Kf3 Ke8 37. a3 bxa3 38. bxa3 Kd8 39. a4 Kc8 40. R5d4 Kb7
41. Rd1 Re5 42. R1d2 Kc6 43. Rc4+ Rc5 44. Rcd4 Re5 45. Rc4+
Kb7 46. Rcd4 Re6 47. Rd1 Re8 48. R1d2 Re1 49. R2d3 Rc1 50. Ke4
Rc5 51. Rd2 Kc6 52. Rd1 Re5+ 53. Kf3 f5 54. gxf5 Rxf5+ 55. Ke4
Rc5 56. R1d2 g4 57. Kf4 Rf7+ 58. Kxg4 Kd7 59. Rf4 Rh7 60. Kf3
Rc6 61. Rf6 Rc4 62. Rb2 Kc6 63. d7+ Kxd7 64. Rfxb6 Rh3+
65. Ke2 Rxa4 66. Kd1 Kc7 67. Rb7+ Kc6 68. Rb8 Ra1+ 69. Kc2
Rh2+ 70. Kc3 Ra3+ 71. R2b3 Rh3+ 72. Kc2 1/2-1/2

[Event "Chigorin Mem Classic Open"]
[Site "St Petersburg RUS"]
[Date "2010.10.29"]
[EventDate "2010.10.28"]
[Round "2"]
[Result "1-0"]
[White "Dmitry Andreikin"]
[Black "Konstantin Rjabzev"]
[WhiteElo "2669"]
[BlackElo "2294"]
[PlyCount "59"]

1. Nf3 b6 2. e4 Bb7 3. Nc3 Nf6 4. e5 Ne4 5. Nxe4 Bxe4 6. Ng5
Bg6 7. d4 e6 8. Bd3 Be7 9. Bxg6 fxg6 10. Nf7 Kxf7 11. Qf3+ Ke8
12. Qxa8 Nc6 13. Qxd8+ Bxd8 14. c3 h5 15. Be3 g5 16. O-O-O Kf7
17. Rhe1 Kg6 18. d5 Nxe5 19. Bxb6 axb6 20. Rxe5 Bf6 21. Re4
Kf5 22. f3 g4 23. dxe6 dxe6 24. Rf1 Be5 25. Rc4 Bxh2 26. fxg4+
Kg5 27. gxh5 Rxh5 28. Rf3 Bd6 29. Rh3 g6 30. a4 1-0

[Event "Chigorin Mem Classic Open"]
[Site "St Petersburg RUS"]
[Date "2010.10.30"]
[EventDate "2010.10.28"]
[Round "3"]
[Result "1/2-1/2"]
[White "Eldar Gasanov"]
[Black "Dmitry Andreikin"]
[WhiteElo "2482"]
[BlackElo "2669"]
[PlyCount "52"]

1. d4 Nf6 2. c4 e6 3. Nf3 b6 4. g3 Bb7 5. Bg2 Be7 6. O-O O-O
7. Nc3 Ne4 8. Bd2 Bf6 9. Qc2 Nxd2 10. Qxd2 d6 11. Rad1 Nd7
12. h4 a6 13. a3 Qb8 14. d5 b5 15. dxe6 fxe6 16. Bh3 Re8
17. cxb5 axb5 18. Ng5 Nc5 19. Qc2 h6 20. Qh7+ Kf8 21. Nge4
Nxe4 22. Nxe4 Bxb2 23. Rb1 Bxe4 24. Qxe4 Bf6 25. Bxe6 Rxa3
26. Qh7 Ke7 1/2-1/2

[Event "Chigorin Mem Classic Open"]
[Site "St Petersburg RUS"]
[Date "2010.10.31"]
[EventDate "2010.10.28"]
[Round "4"]
[Result "1-0"]
[White "Dmitry Andreikin"]
[Black "Alexander Khantuev"]
[WhiteElo "2669"]
[BlackElo "2322"]
[PlyCount "57"]

1. e4 e6 2. Nc3 d5 3. d4 Nf6 4. e5 Nfd7 5. Qg4 c5 6. Nb5 cxd4
7. Nf3 Nc6 8. Bf4 a6 9. Nbxd4 Nc5 10. Bd3 Bd7 11. O-O Qb6
12. Nb3 Nxd3 13. cxd3 Nb4 14. Be3 Qb5 15. Rfc1 h5 16. Qg5 Qxd3
17. Nc5 Qh7 18. Qh4 Bxc5 19. Bxc5 Nc6 20. Bd6 Qe4 21. Qg5 Qg6
22. Qe3 d4 23. Nxd4 Nxd4 24. Qxd4 Bc6 25. Rxc6 bxc6 26. Qb6
Rd8 27. Qxc6+ Rd7 28. Rd1 Qg5 29. Bc7 1-0

[Event "Chigorin Mem Classic Open"]
[Site "St Petersburg RUS"]
[Date "2010.11.01"]
[EventDate "2010.10.28"]
[Round "5"]
[Result "0-1"]
[White "Mikhail Krylov"]
[Black "Dmitry Andreikin"]
[WhiteElo "2516"]
[BlackElo "2669"]
[PlyCount "104"]

1. d4 Nf6 2. c4 e6 3. g3 d5 4. Nf3 dxc4 5. Bg2 c5 6. Qa4+ Bd7
7. Qxc4 Nc6 8. O-O b5 9. Qd3 c4 10. Qd1 Rc8 11. b3 Be7
12. bxc4 bxc4 13. Nc3 O-O 14. e3 Nd5 15. Bd2 Ncb4 16. Ne5 Nxc3
17. Bxc3 Nd5 18. Qd2 Ba4 19. e4 Nxc3 20. Qxc3 a5 21. a3 Bb3
22. Rfc1 a4 23. Bf1 Rc7 24. Qe3 Bf6 25. Nf3 Qa8 26. e5 Be7
27. Rc3 Rd8 28. Bd3 Rdd7 29. Be4 Qf8 30. g4 g6 31. Qc1 Rd8
32. g5 Rcd7 33. Kg2 Rxd4 34. Nxd4 Rxd4 35. Qe3 Bc5 36. Re1 Rd3
37. Rxd3 Bxe3 38. Rdxe3 Qxa3 39. f4 Qb2+ 40. R3e2 Qd4 41. Kg3
a3 42. Rc1 a2 43. Ree1 Kf8 44. h4 Ke7 45. h5 Kd7 46. h6 Kc7
47. Kg4 Kb6 48. Bf3 Kb5 49. Ra1 Kb4 50. Bc6 Ka3 51. Be8 Qa7
52. Re2 c3 0-1

[Event "Chigorin Mem Classic Open"]
[Site "St Petersburg RUS"]
[Date "2010.11.02"]
[EventDate "2010.10.28"]
[Round "6"]
[Result "1-0"]
[White "Dmitry Andreikin"]
[Black "Hannes Hlifar Stefansson"]
[WhiteElo "2669"]
[BlackElo "2585"]
[PlyCount "79"]

1. Nf3 Nf6 2. c4 e6 3. Nc3 d5 4. e3 b6 5. b4 Be7 6. Bb2 O-O
7. cxd5 exd5 8. b5 a6 9. a4 c5 10. d4 Bb7 11. g3 axb5 12. axb5
Rxa1 13. Qxa1 Nbd7 14. Bh3 Qc7 15. O-O Ra8 16. Qb1 c4 17. Qc2
Bb4 18. Ra1 Rxa1+ 19. Bxa1 Ne4 20. Ne2 Ba5 21. Bb2 Qd6 22. Kg2
Nf8 23. Qa4 Qb4 24. Qxb4 Bxb4 25. Ne5 Ne6 26. Nc6 Bd2 27. Ne7+
Kh8 28. Ba3 g6 29. Bxe6 fxe6 30. f3 Nf6 31. Nf4 Ng8 32. Nc6
Bxe3 33. Nxe6 Nf6 34. Kf1 Bc8 35. Nc7 Bf5 36. Ke2 Bh6 37. Be7
Bd3+ 38. Ke1 Ng8 39. Bd6 Kg7 40. Nxd5 1-0

[Event "Chigorin Mem Classic Open"]
[Site "St Petersburg RUS"]
[Date "2010.11.03"]
[EventDate "2010.10.28"]
[Round "7"]
[Result "0-1"]
[White "Boris Savchenko"]
[Black "Dmitry Andreikin"]
[WhiteElo "2627"]
[BlackElo "2669"]
[PlyCount "120"]

1. e4 e6 2. d4 d5 3. Nc3 Nf6 4. Bg5 Be7 5. e5 Nfd7 6. Bxe7
Qxe7 7. f4 a6 8. Nf3 c5 9. dxc5 Nc6 10. Qd2 Nxc5 11. O-O-O b5
12. Qe3 Qa7 13. Ne2 Na4 14. Ned4 Qc5 15. Qe1 Bd7 16. Nxc6 Qxc6
17. Nd4 Qb6 18. g4 b4 19. h4 Nc5 20. f5 a5 21. Bg2 O-O-O
22. Rf1 Kb8 23. fxe6 Bxe6 24. Nf5 d4 25. Nxd4 Rxd4 26. Rxd4
Nb3+ 27. axb3 Qxd4 28. Qe2 Kc7 29. Kb1 Rd8 30. Qb5 Qb6 31. Qe2
Qd4 32. Qf3 Rd5 33. Re1 Qd2 34. Qe4 a4 35. Bf3 axb3 36. cxb3
Qd3+ 37. Qxd3 Rxd3 38. Be4 Rh3 39. Bxh7 Rxh4 40. Bf5 Bxb3
41. e6 fxe6 42. Bxe6 Bxe6 43. Rxe6 Rxg4 44. Ka2 Kd7 45. Rb6 g5
46. Kb3 Rd4 47. Ka4 g4 48. Kb5 Ke7 49. Kc5 Rf4 50. Kd5 Rf5+
51. Ke4 Rg5 52. Kf4 g3 53. Rb7+ Kd6 54. Kxg5 g2 55. Rxb4 g1=Q+
56. Rg4 Qc1+ 57. Kg6 Qxb2 58. Rf4 Ke5 59. Rf8 Qg2+ 60. Kh5 Ke6
0-1

[Event "Chigorin Mem Classic Open"]
[Site "St Petersburg RUS"]
[Date "2010.11.04"]
[EventDate "2010.10.28"]
[Round "8"]
[Result "1/2-1/2"]
[White "Dmitry Andreikin"]
[Black "Eltaj Safarli"]
[WhiteElo "2669"]
[BlackElo "2607"]
[PlyCount "66"]

1. Nf3 Nf6 2. c4 g6 3. Nc3 d5 4. cxd5 Nxd5 5. Qb3 Nb6 6. d4
Bg7 7. Bg5 h6 8. Bh4 O-O 9. Rd1 a5 10. e3 Be6 11. d5 Bg4
12. Be2 Qd7 13. O-O a4 14. Qa3 Bxf3 15. gxf3 Qh3 16. Bg3 N8d7
17. Nb5 c6 18. Nc7 Rac8 19. dxc6 bxc6 20. Qxe7 Rxc7 21. Bxc7
Nd5 22. Rxd5 cxd5 23. Rd1 d4 24. Bg3 h5 25. Bb5 Nb6 26. exd4
Qf5 27. Qe2 Rd8 28. Bc6 Rxd4 29. Qe8+ Kh7 30. Rxd4 Bxd4 31. b3
axb3 32. axb3 Qb1+ 33. Kg2 Qxb3 1/2-1/2

[Event "World Blitz Championship"]
[Site "Moscow RUS"]
[Date "2010.11.16"]
[EventDate "2010.11.16"]
[Round "12.2"]
[Result "0-1"]
[White "Dmitry Andreikin"]
[Black "Rauf Mamedov"]
[WhiteElo "2683"]
[BlackElo "2660"]
[PlyCount "96"]

1. c4 g6 2. d4 Bg7 3. e4 d6 4. Nf3 Nf6 5. Nc3 O-O 6. h3 e5
7. d5 a5 8. Bg5 h6 9. Be3 Na6 10. g4 Nc5 11. Nd2 Nh7 12. Qc2
c6 13. O-O-O cxd5 14. cxd5 Bd7 15. Bxc5 dxc5 16. Bb5 a4
17. Nc4 Bxb5 18. Nxb5 Qd7 19. Nc3 Ra6 20. Kb1 b5 21. Ne3 b4
22. Ne2 b3 23. axb3 axb3 24. Qxb3 Rfa8 25. Nc3 Ng5 26. Qb5 Qd8
27. Qe2 Qb6 28. Kc2 Rb8 29. Nc4 Qb3+ 30. Kd2 Nf3+ 31. Qxf3
Qxc4 32. Rb1 Rab6 33. Kc2 Rb3 34. d6 Qb4 35. d7 c4 36. Kd2
Rxb2+ 37. Rxb2 Qxb2+ 38. Ke1 Qa1+ 39. Nd1 Qa4 40. Kf1 Qxd7
41. Kg2 Rb3 42. Ne3 Qc6 43. Rd1 Rd3 44. Rxd3 cxd3 45. Nd5 Qc4
46. Qe3 Bf8 47. f3 Qc2+ 48. Qf2 Bc5 0-1

[Event "World Blitz Championship"]
[Site "Moscow RUS"]
[Date "2010.11.16"]
[EventDate "2010.11.16"]
[Round "13.10"]
[Result "1/2-1/2"]
[White "Boris Grachev"]
[Black "Dmitry Andreikin"]
[WhiteElo "2654"]
[BlackElo "2683"]
[PlyCount "72"]

1. d4 Nf6 2. Nf3 d6 3. g3 g6 4. Bg2 Bg7 5. c4 O-O 6. Nc3 Nbd7
7. O-O e5 8. e4 c6 9. h3 a6 10. Be3 b5 11. Qc2 Qc7 12. dxe5
Nxe5 13. Nxe5 dxe5 14. Rac1 bxc4 15. Na4 Rb8 16. Qxc4 Be6
17. Qxc6 Qxc6 18. Rxc6 Bxa2 19. Ra1 Bb3 20. Nc5 Bc4 21. Bg5
Rfc8 22. Rxc8+ Rxc8 23. Ra5 h6 24. Be3 Bf8 25. b4 Rb8 26. Nxa6
Bxa6 27. Rxa6 Kg7 28. Bxh6+ Kxh6 29. Rxf6 Kg7 30. Rc6 Rxb4
31. Bf3 Be7 32. Rc2 Bd8 33. h4 Bb6 34. Kg2 Bd4 35. Be2 Rb2
36. Rxb2 Bxb2 1/2-1/2

[Event "World Blitz Championship"]
[Site "Moscow RUS"]
[Date "2010.11.17"]
[EventDate "2010.11.16"]
[Round "15.10"]
[Result "1/2-1/2"]
[White "Dmitry Andreikin"]
[Black "Boris Savchenko"]
[WhiteElo "2683"]
[BlackElo "2632"]
[PlyCount "109"]

1. e4 c5 2. Nf3 Nc6 3. Bb5 g6 4. c3 Nf6 5. e5 Nd5 6. d4 cxd4
7. O-O Bg7 8. cxd4 O-O 9. Nc3 Nxc3 10. bxc3 d5 11. Bxc6 bxc6
12. Ba3 Ba6 13. Re1 Qc7 14. h4 Rfb8 15. h5 Bc8 16. Qd2 Bg4
17. h6 Bf8 18. Nh2 Be6 19. Qf4 Qa5 20. Bb4 Qb5 21. Re3 a5
22. Ba3 Qa4 23. Bc5 Rb2 24. Nf3 Rxa2 25. Rxa2 Qxa2 26. Ng5
Bxh6 27. Bxe7 Qb1+ 28. Kh2 Qf5 29. Qh4 Bxg5 30. Bxg5 Qg4
31. Qh6 Qh5+ 32. Qxh5 gxh5 33. Be7 f5 34. exf6 Kf7 35. Rg3 Rg8
36. Rxg8 Kxg8 37. Kg3 Kf7 38. Kf4 h4 39. Ke5 h3 40. gxh3 Bxh3
41. Kd6 Bf1 42. Kxc6 Bc4 43. Kb6 a4 44. Ka5 Bb3 45. Kb4 h5
46. c4 dxc4 47. d5 h4 48. d6 Ke8 49. Bd8 c3 50. f7+ Bxf7
51. Bxh4 c2 52. Bg5 Bb3 53. Bc1 Kd7 54. Bf4 Kc6 55. Ka3
1/2-1/2

[Event "World Blitz Championship"]
[Site "Moscow RUS"]
[Date "2010.11.17"]
[EventDate "2010.11.16"]
[Round "21.7"]
[Result "0-1"]
[White "Sergey Karjakin"]
[Black "Dmitry Andreikin"]
[WhiteElo "2760"]
[BlackElo "2683"]
[PlyCount "80"]

1. e4 e6 2. d4 d5 3. Nc3 Nf6 4. e5 Nfd7 5. f4 c5 6. Nf3 Nc6
7. Be3 Qb6 8. Na4 Qa5+ 9. c3 cxd4 10. b4 Nxb4 11. cxb4 Bxb4+
12. Bd2 O-O 13. Bd3 Bxd2+ 14. Nxd2 b5 15. Nb2 Nb6 16. Qh5 g6
17. Qe2 Nc4 18. Nd1 Bd7 19. h4 f5 20. h5 Kg7 21. g3 Be8
22. hxg6 Bxg6 23. Rh2 h5 24. Kf1 h4 25. Nb3 Qb6 26. gxh4 Rh8
27. h5 Bf7 28. Rg2+ Kh6 29. Rg5 Rag8 30. Qf2 Qd8 31. Rxg8 Rxg8
32. Nxd4 Rg4 33. Ke2 Bxh5 34. Ke1 Qa5+ 35. Kf1 Nd2+ 36. Ke2
Rg2+ 37. Ke3 Rxf2 38. Kxf2 Ne4+ 39. Bxe4 Qd2+ 40. Kg3 Qxd4 0-1

[Event "World Blitz Championship"]
[Site "Moscow RUS"]
[Date "2010.11.18"]
[EventDate "2010.11.16"]
[Round "29"]
[Result "1/2-1/2"]
[White "Boris Gelfand"]
[Black "Dmitry Andreikin"]
[WhiteElo "2741"]
[BlackElo "2683"]
[PlyCount "65"]

1. d4 g6 2. e4 Bg7 3. c4 d6 4. Nc3 c5 5. d5 Nf6 6. h3 O-O
7. Bd3 e6 8. Nf3 exd5 9. cxd5 b5 10. Nxb5 Re8 11. O-O Nxe4
12. Re1 Nf6 13. Rxe8+ Nxe8 14. Bg5 Qb6 15. Qd2 Bd7 16. Nc3 Na6
17. Re1 Nb4 18. Bc4 Bf5 19. Nh4 Bd7 20. Re7 Rd8 21. Qf4 f5
22. Nf3 Nc2 23. Qh4 Qxb2 24. Rxg7+ Nxg7 25. Bxd8 Qxc3 26. Bf6
Nd4 27. Bxd4 cxd4 28. Qd8+ Be8 29. Bb5 Qc1+ 30. Kh2 Qf4+
31. Kh1 Qc1+ 32. Kh2 Qf4+ 33. Kh1 1/2-1/2

[Event "World Blitz Championship"]
[Site "Moscow RUS"]
[Date "2010.11.18"]
[EventDate "2010.11.16"]
[Round "34"]
[Result "0-1"]
[White "Boris Savchenko"]
[Black "Dmitry Andreikin"]
[WhiteElo "2632"]
[BlackElo "2683"]
[PlyCount "51"]

1. e4 e5 2. Nf3 Nc6 3. d4 exd4 4. Bc4 Nf6 5. O-O Nxe4 6. Re1
d5 7. Bxd5 Qxd5 8. Nc3 Qh5 9. Nxe4 Be6 10. Bg5 h6 11. Bf6 Qd5
12. c3 dxc3 13. Qa4 cxb2 14. Rad1 Qa5 15. Qc2 Qxa2 16. Qd3 Be7
17. Bxg7 Rd8 18. Nd4 Nxd4 19. Nf6+ Bxf6 20. Bxf6 Ne2+ 21. Qxe2
Rxd1 22. Rxd1 O-O 23. Qe5 b1=Q 24. Re1 Qg6 25. h3 Qd5 26. Qb2
0-1

[Event "Baku Open"]
[Site "Baku AZE"]
[Date "2011.08.07"]
[EventDate "2011.08.06"]
[Round "2"]
[Result "1-0"]
[White "Dmitry Andreikin"]
[Black "Davit Maghalashvili"]
[WhiteElo "2696"]
[BlackElo "2463"]
[PlyCount "95"]

1. c4 e6 2. Nc3 d5 3. d4 Be7 4. Nf3 Nf6 5. e3 O-O 6. a3 c5
7. cxd5 cxd4 8. exd4 exd5 9. Bd3 Nc6 10. h3 Be6 11. O-O Rc8
12. Re1 Re8 13. Bc2 g6 14. Bf4 Bf8 15. Ne5 Nh5 16. Nxc6 Rxc6
17. Be5 a6 18. Qf3 Bg7 19. Ba4 b5 20. Bb3 Nf6 21. Bxf6 Qxf6
22. Qxf6 Bxf6 23. Bxd5 Rcc8 24. Rad1 Bxd5 25. Rxe8+ Rxe8
26. Nxd5 Re6 27. Nxf6+ Rxf6 28. Kf1 Kf8 29. Ke2 Ke7 30. Rc1
Kd7 31. Rc5 h5 32. Ke3 Re6+ 33. Re5 Rb6 34. b4 Rb8 35. Rd5+
Ke6 36. Rc5 Kd7 37. Kd3 Ra8 38. d5 Re8 39. Rc6 Re5 40. Kd4 Re2
41. Rxa6 Rxf2 42. Kc5 Rc2+ 43. Kxb5 h4 44. a4 Rxg2 45. a5 f5
46. Rf6 Ke7 47. Re6+ Kf7 48. a6 1-0

[Event "Baku Open"]
[Site "Baku AZE"]
[Date "2011.08.08"]
[EventDate "2011.08.06"]
[Round "3"]
[Result "1/2-1/2"]
[White "Eltaj Safarli"]
[Black "Dmitry Andreikin"]
[WhiteElo "2622"]
[BlackElo "2696"]
[PlyCount "41"]

1. e4 e6 2. d4 d5 3. Nc3 Nf6 4. Bg5 dxe4 5. Nxe4 Nbd7 6. Nf3
h6 7. Nxf6+ Nxf6 8. Bh4 c5 9. Bd3 cxd4 10. O-O Bd7 11. Qe2 Qc7
12. Nxd4 O-O-O 13. a4 Bd6 14. Bg3 Bxg3 15. hxg3 Qc5 16. Nb5 a6
17. Ra3 Kb8 18. b4 Qh5 19. Qxh5 Nxh5 20. Nd6 Be8 21. Nxe8
1/2-1/2

[Event "World Cup"]
[Site "Khanty-Mansiysk RUS"]
[Date "2011.08.29"]
[EventDate "2011.08.28"]
[Round "1.2"]
[Result "1-0"]
[White "Dmitry Andreikin"]
[Black "Murtas Muratovich Kazhgaleyev"]
[WhiteElo "2696"]
[BlackElo "2597"]
[PlyCount "59"]

1. c4 Nf6 2. Nc3 d5 3. cxd5 Nxd5 4. g3 g6 5. Bg2 Nxc3 6. bxc3
Bg7 7. d4 c5 8. e3 Qa5 9. Bd2 O-O 10. Ne2 Nd7 11. O-O Rd8
12. Nf4 e6 13. a4 Rb8 14. Qe2 Nb6 15. Nd3 Nc4 16. Be1 b6
17. Nb4 cxb4 18. cxb4 Qh5 19. Qxc4 e5 20. d5 e4 21. Rc1 Bg4
22. Qxe4 Be2 23. b5 Re8 24. Qh4 Qf5 25. Qf4 Qd3 26. Rc7 f5
27. Bc3 Bf8 28. Rc1 Rbc8 29. Rxc8 Rxc8 30. Qe5 1-0

[Event "World Cup"]
[Site "Khanty-Mansiysk RUS"]
[Date "2011.09.01"]
[EventDate "2011.08.28"]
[Round "2.2"]
[Result "1/2-1/2"]
[White "Evgeny Tomashevsky"]
[Black "Dmitry Andreikin"]
[WhiteElo "2707"]
[BlackElo "2696"]
[PlyCount "44"]

1. d4 c5 2. d5 g6 3. e4 Bg7 4. Nf3 d6 5. Bb5+ Nd7 6. a4 Nf6
7. Nc3 a6 8. Be2 h6 9. a5 g5 10. O-O g4 11. Nh4 Ne5 12. Bf4
Bd7 13. Re1 Qc7 14. Nf5 Bxf5 15. exf5 h5 16. Bxe5 dxe5 17. Ra4
Rd8 18. Qd3 Kf8 19. Qc4 Rc8 20. Ne4 Rh6 21. Bd3 Nd7 22. Qa2
Qd8 1/2-1/2

[Event "13th European Individual Championship"]
[Site "Plovdiv BUL"]
[Date "2012.03.25"]
[EventDate "2012.03.20"]
[Round "6"]
[Result "1/2-1/2"]
[White "Hrant Melkumyan"]
[Black "Dmitry Andreikin"]
[WhiteElo "2628"]
[BlackElo "2689"]
[PlyCount "153"]

1. d4 Nf6 2. c4 c5 3. d5 b5 4. cxb5 a6 5. b6 d6 6. Nc3 Nbd7
7. e4 g6 8. Nf3 Bg7 9. Be2 O-O 10. O-O Rb8 11. Rb1 Nxb6 12. h3
Na8 13. Bf4 Nh5 14. Bh2 Bh6 15. Re1 Nf4 16. Bf1 Nc7 17. Kh1 e5
18. dxe6 fxe6 19. Ne2 Nxe2 20. Bxe2 e5 21. Bc4+ Be6 22. Bxe6+
Nxe6 23. Qd5 Qe7 24. Red1 Rb6 25. Nd2 Bxd2 26. Rxd2 Qf7
27. Rc1 Nd4 28. Qxf7+ Kxf7 29. f4 exf4 30. Bxf4 Ke6 31. Be3
Rb4 32. Rcd1 Nb5 33. e5 Kxe5 34. Bh6 Rf7 35. Be3 Re4 36. Bg1
Nd4 37. b4 Kd5 38. bxc5 dxc5 39. Rd3 g5 40. Ra3 Rf6 41. Kh2 h5
42. Ra5 Rb6 43. Rc1 Rc6 44. Rd1 Kc4 45. Ra3 g4 46. Ra4+ Kb5
47. Ra3 Ne2 48. Bf2 Rf6 49. Be1 Nd4 50. hxg4 hxg4 51. Ra5+ Kb6
52. Rb1+ Nb5 53. a4 Rxe1 54. Rxa6+ Kxa6 55. axb5+ Kb6 56. Rxe1
Rf4 57. Kg3 Rd4 58. Kf2 Rd2+ 59. Kg3 Rd4 60. Kf2 Rd2+ 61. Kg3
Kxb5 62. Rb1+ Kc4 63. Rc1+ Kd4 64. Rg1 c4 65. Kxg4 c3 66. Kf3
c2 67. Rc1 Kd3 68. g4 Rd1 69. Rxc2 Kxc2 70. Ke4 Rg1 71. Kf5
Kd3 72. g5 Kd4 73. g6 Kd5 74. Kf6 Kd6 75. g7 Kd7 76. Kf7 Rxg7+
77. Kxg7 1/2-1/2

[Event "XXI TCh-MKD"]
[Site "Struga MKD"]
[Date "2012.07.20"]
[EventDate "2012.07.16"]
[Round "5.1"]
[Result "1-0"]
[White "Dmitry Andreikin"]
[Black "Riste Menkinoski"]
[WhiteElo "2700"]
[BlackElo "2352"]
[PlyCount "129"]

1. e4 c6 2. d4 d5 3. f3 e6 4. Nc3 Bb4 5. Bf4 Ne7 6. Ne2 O-O
7. Qd2 Nd7 8. Bg3 b5 9. Bh4 Nb6 10. b3 Qe8 11. a3 Bd6 12. Bg3
Qd8 13. Bxd6 Qxd6 14. e5 Qc7 15. Ng3 f6 16. exf6 Rxf6 17. Bd3
e5 18. dxe5 Qxe5+ 19. Kf2 Nf5 20. Rae1 Qd4+ 21. Kf1 Qh4
22. Qf2 Nxg3+ 23. Qxg3 Qxg3 24. hxg3 Bf5 25. Bxf5 Rxf5 26. Re6
Rf6 27. Rxf6 gxf6 28. Ne2 c5 29. Rh5 Rd8 30. b4 Rc8 31. c3 Nc4
32. Nf4 Nxa3 33. Rxd5 cxb4 34. cxb4 Rc4 35. Rd8+ Kg7 36. Rd7+
Kh6 37. Rxa7 Nc2 38. Nd5 Nxb4 39. Nxf6 Nc6 40. Rb7 b4 41. Kf2
Rc2+ 42. Ke3 Kg6 43. Nd5 Kf5 44. Kd3 Rb2 45. Ne3+ Ke6 46. Rxh7
Ne5+ 47. Ke4 Nf7 48. Rh1 Rd2 49. Rb1 Nd6+ 50. Kf4 Rd4+ 51. Kg5
Nf7+ 52. Kh5 Ne5 53. g4 Nd3 54. g5 Kf7 55. g3 Rd8 56. f4 Re8
57. Nf5 Rd8 58. Ne3 Rb8 59. g6+ Kf6 60. Nd5+ Ke6 61. Ne3 Kf6
62. Ng4+ Kg7 63. f5 Rb5 64. Kg5 Rd5 65. Rh1 1-0

[Event "European Club Cup"]
[Site "Eilat ISR"]
[Date "2012.10.12"]
[EventDate "2012.10.10"]
[Round "2"]
[Result "1/2-1/2"]
[White "Radoslaw Wojtaszek"]
[Black "Dmitry Andreikin"]
[WhiteElo "2733"]
[BlackElo "2718"]
[PlyCount "103"]

1. d4 e6 2. c4 Nf6 3. Nc3 Bb4 4. Qc2 c5 5. dxc5 O-O 6. a3 Bxc5
7. Nf3 b6 8. Bf4 Bb7 9. Rd1 Nh5 10. Bc1 Nf6 11. b4 Be7 12. e4
Nc6 13. Be2 Qc7 14. O-O Rac8 15. Bg5 Rfd8 16. Bh4 Qb8 17. Rd2
d6 18. Rfd1 h6 19. h3 a5 20. Qb3 axb4 21. axb4 Ne5 22. Nxe5
dxe5 23. Rxd8+ Rxd8 24. f3 Rxd1+ 25. Bxd1 Qd6 26. Bf2 Qxb4
27. Na4 Nd7 28. Nxb6 Nxb6 29. Qxb4 Bxb4 30. Bxb6 Ba6 31. Bb3
Kf8 32. Kf2 Ke7 33. Ke3 Kd6 34. Kd3 Bc5 35. Ba5 Bd4 36. Bb4+
Bc5 37. Bc3 Bd4 38. Bb4+ Bc5 39. Bd2 Ba3 40. Be3 Bc5 41. Bc1
Bb4 42. h4 h5 43. Ba4 Bc5 44. g4 hxg4 45. fxg4 f5 46. gxf5
exf5 47. exf5 Bc8 48. Ke4 Bb7+ 49. Kd3 Bc8 50. Ke4 Bb7+
51. Kd3 Bc8 52. Ke4 1/2-1/2

[Event "Fide Rapid Grand Prix Russia"]
[Site "Kirov RUS"]
[Date "2012.12.23"]
[EventDate "2012.12.23"]
[Round "1.2"]
[Result "0-1"]
[White "Dinara Dordzhieva"]
[Black "Dmitry Andreikin"]
[WhiteElo "2028"]
[BlackElo "2723"]
[PlyCount "82"]

1. e4 c5 2. Nf3 a6 3. c3 e6 4. d4 d5 5. exd5 Qxd5 6. c4 Qd8
7. Nc3 cxd4 8. Qxd4 Qxd4 9. Nxd4 Nf6 10. Bf4 Bd7 11. O-O-O Nc6
12. Nb3 Be7 13. Be2 O-O 14. Bf3 Rac8 15. Kb1 e5 16. Bxc6 Rxc6
17. Bxe5 Rxc4 18. Rd4 Rc6 19. Re1 Bf5+ 20. Ka1 Re6 21. f3 Re8
22. Rdd1 Bd6 23. Bg3 Rxe1 24. Rxe1 Rxe1+ 25. Bxe1 Bxh2 26. Nc5
Bc8 27. Bf2 Bd6 28. a3 h5 29. b4 Be5 30. Kb2 Nd5 31. Be1 Ne3
32. Nd3 Nxg2 33. Bf2 Bf6 34. Kc2 Bf5 35. Kd2 Bxd3 36. Kxd3
Nf4+ 37. Kc4 Bxc3 38. Kxc3 g5 39. Kd4 h4 40. Ke4 f6 41. Kf5
Kf7 0-1